El modelo sindical en crisis (Registro nro. 18803)

Detalles MARC
000 -LEADER
fixed length control field 00301 a2200109 4500
001 - CONTROL NUMBER
control field ART_41263
005 - DATE AND TIME OF LATEST TRANSACTION
control field 20260410161741.0
008 - FIXED-LENGTH DATA ELEMENTS--GENERAL INFORMATION
fixed length control field 260409a
100 1# - MAIN ENTRY--PERSONAL NAME
Personal name Slavin, Luis P.
245 10 - TITLE STATEMENT
Title El modelo sindical en crisis
773 0# - HOST ITEM ENTRY
Title Doctrina laboral
Related parts - Nº 378 (feb. 2017)
Record control number REV4049

No hay ítems disponibles.